Guess the 1960s song lyrics #236 - Statistics

General Stats
  • This quiz has been taken 11 times
  • The average score is 105 of 206
Answer Stats
Answer % Correct
I
100%
in
100%
love
100%
o
100%
The
100%
the
100%
to
100%
you
100%
a
89%
A
89%
is
89%
my
89%
When
89%
your
89%
no
78%
No
78%
on
78%
With
78%
you're
78%
there
67%
win
67%
can't
56%
go
56%
Not
56%
are
44%
Baby
44%
baby
44%
but
44%
eyes
44%
need
44%
sky
44%
without
44%
ain't
33%
anymore
33%
gonna
33%
Lonely
33%
moon
33%
more
33%
place
33%
rise
33%
shine
33%
sun
33%
wear
33%
always
22%
blue
22%
lose
22%
nothin
22%
ooh
22%
Walker Brothers
22%
tears
11%
cloak
0%
cloudin
0%
deep
0%
Emptiness
0%
Girl
0%
Loneliness
0%
shade
0%
Woo
0%
No matching quizzes found
Score Distribution
Percent of People with Each Score
Percentile by Number Answered
Your Score History
You have not taken this quiz